02107nam a2200205 i 4500003000900000005001700009007000300026008004100029040003000070041000800100082002100108110008500129245013700214264010900351300002800460336002700488337003400515338002800549505132400577DO-SdBNP20251010134747.0ta251010b2000 dr a|||| |||| 00| 0 spa d aDO-SdBNPbspacBNPHUerda aspa 4axxxb P273pr2221 aPartido Revolucionario Dominicano. bDepartamento Nacional de Asuntos Técnicos10aPropuestas básicas del programa de gobierno 2000-2004, para la consulta a la sociedad civil /cpresentación, Hipólito Mejía  aSanto Domingo : bPartido Revolucionario Dominicano. Departamento Nacional de Asuntos Técnicos,c2000. a175 páginas ;c21 cm. atextobtxt2rdacontent asin mediación bn2rdamedia avolumenbnc2rdacarrier aPresentación, 6-- A modo de presentación del gobierno compartido, 10-- Gobierno compartido : democracia política, económica y social 11 -- Política de modernización del Estado 15 -- Estrategia y planificación de políticas económicas 31|Política de relaciones exteriores 47|Política de Fuerzas Armadas y Policía Nacional 52|Política educativa 57|Política cultural 67|Política científica y tecnológica 72|Política de salud 75|Política de seguridad social 81|Política de agua potable, alcantarillado y saneamiento básico 84|Política de desarrollo urbano 87|Política de vivienda 89|Política nacional de catastro 94|Política de deporte, educación física y recreación 96|Política de la mujer 104|Política de la juventud 108|Política de la niñez 114|Política sindical y relaciones laborales 116|Política de construcción de obras públicas 118|Política de transporte 121|Política de energía 124|Política agropecuaria y desarrollo rural 126|Política de medio ambiente y recursos naturales 144|Política industrial 153|Política de turismo 161|Política de minería 165|Política de dominicanos residentes en el exterior 168|Política de desarrollo cooperativo 171|Plan maestro de desarrollo informatico 173|Política de servicio postal 175